[Event "XLIV Memoriał Szachowy Ludwika Zamenhofa 2025, Grupa A"]
[Site "Białystok, Poland"]
[Date "2025.12.29"]
[Round "5.22"]
[White "Kiolbasa, Damian"]
[Black "Ejsymont, Blanka"]
[Result "1-0"]
[TimeControl "90'+30\""]
[WhiteElo "2079"]
[BlackElo "2049"]

1. Nf3 {[%clk 01:30:57]} {[%emt 00:00:02]} d5 {[%clk 01:30:53]} {[%emt
00:00:08]} 2. e3 {[%clk 01:31:14]} {[%emt 00:00:13]} Nf6 {[%clk 01:29:46]}
{[%emt 00:01:36]} 3. c4 {[%clk 01:31:40]} {[%emt 00:00:04]} e6 {[%clk
01:28:47]} {[%emt 00:01:30]} 4. b3 {[%clk 01:30:31]} {[%emt 00:01:38]} c5
{[%clk 01:28:08]} {[%emt 00:01:09]} 5. cxd5 {[%clk 01:30:47]} {[%emt 00:00:14]}
exd5 {[%clk 01:28:31]} {[%emt 00:00:08]} 6. d4 {[%clk 01:31:08]} {[%emt
00:00:08]} Nc6 {[%clk 01:20:58]} {[%emt 00:08:04]} 7. Be2 {[%clk 01:31:35]}
{[%emt 00:00:02]} cxd4 {[%clk 01:19:22]} {[%emt 00:02:06]} 8. Nxd4 {[%clk
01:30:48]} {[%emt 00:01:17]} Bd6 {[%clk 01:19:40]} {[%emt 00:00:12]} 9. O-O
{[%clk 01:30:25]} {[%emt 00:00:53]} O-O {[%clk 01:19:45]} {[%emt 00:00:25]} 10.
Bb2 {[%clk 01:30:53]} {[%emt 00:00:02]} a6 {[%clk 01:19:26]} {[%emt 00:00:49]}
11. Nd2 {[%clk 01:30:43]} {[%emt 00:00:41]} Bc7 {[%clk 01:18:53]} {[%emt
00:01:02]} 12. Rc1 {[%clk 01:25:26]} {[%emt 00:05:46]} Qd6 {[%clk 01:15:56]}
{[%emt 00:03:27]} 13. g3 {[%clk 01:25:54]} {[%emt 00:00:03]} Bh3 {[%clk
00:58:43]} {[%emt 00:17:43]} 14. Re1 {[%clk 01:26:22]} {[%emt 00:00:02]} Rfd8
{[%clk 00:47:42]} {[%emt 00:11:31]} 15. Nxc6 {[%clk 01:25:38]} {[%emt
00:01:15]} bxc6 {[%clk 00:48:02]} {[%emt 00:00:10]} 16. Qc2 {[%clk 01:26:06]}
{[%emt 00:00:01]} Bd7 {[%clk 00:38:54]} {[%emt 00:09:38]} 17. Red1 {[%clk
01:26:35]} {[%emt 00:00:02]} Qe7 {[%clk 00:38:12]} {[%emt 00:01:11]} 18. Bd3
{[%clk 01:27:03]} {[%emt 00:00:02]} h6 {[%clk 00:38:03]} {[%emt 00:00:39]} 19.
e4 {[%clk 01:26:57]} {[%emt 00:00:36]} Bb6 {[%clk 00:32:57]} {[%emt 00:05:36]}
20. Qc3 {[%clk 01:24:17]} {[%emt 00:03:10]} d4 {[%clk 00:28:37]} {[%emt
00:04:50]} 21. Qc2 {[%clk 01:24:45]} {[%emt 00:00:02]} Ng4 {[%clk 00:27:19]}
{[%emt 00:01:48]} 22. Nc4 {[%clk 01:25:03]} {[%emt 00:00:12]} Ba7 {[%clk
00:25:25]} {[%emt 00:02:24]} 23. Re1 {[%clk 01:25:32]} {[%emt 00:00:01]} Be6
{[%clk 00:20:40]} {[%emt 00:05:16]} 24. h3 {[%clk 01:24:21]} {[%emt 00:01:40]}
Bxc4 {[%clk 00:19:50]} {[%emt 00:01:21]} 25. hxg4 {[%clk 01:24:49]} {[%emt
00:00:02]} Be6 {[%clk 00:18:39]} {[%emt 00:01:41]} 26. f3 {[%clk 01:22:50]}
{[%emt 00:02:29]} Qg5 {[%clk 00:16:40]} {[%emt 00:02:28]} 27. Kg2 {[%clk
01:22:46]} {[%emt 00:00:34]} h5 {[%clk 00:11:19]} {[%emt 00:05:52]} 28. gxh5
{[%clk 01:22:58]} {[%emt 00:00:17]} Bb8 {[%clk 00:10:47]} {[%emt 00:01:02]} 29.
Qf2 {[%clk 01:22:59]} {[%emt 00:00:29]} Bf4 {[%clk 00:10:10]} {[%emt 00:01:07]}
30. Rh1 {[%clk 01:22:18]} {[%emt 00:01:10]} Be3 {[%clk 00:09:29]} {[%emt
00:01:12]} 31. Qf1 {[%clk 01:22:47]} {[%emt 00:00:02]} Bf4 {[%clk 00:09:05]}
{[%emt 00:00:54]} 32. Qf2 {[%clk 01:22:25]} {[%emt 00:00:51]} Be3 {[%clk
00:09:28]} {[%emt 00:00:07]} 33. Qe2 {[%clk 01:19:54]} {[%emt 00:03:01]} Bf4
{[%clk 00:09:46]} {[%emt 00:00:13]} 34. g4 {[%clk 01:20:22]} {[%emt 00:00:02]}
c5 {[%clk 00:08:03]} {[%emt 00:02:13]} 35. Rc2 {[%clk 01:20:25]} {[%emt
00:00:26]} a5 {[%clk 00:06:18]} {[%emt 00:02:15]} 36. Ba3 {[%clk 01:18:34]}
{[%emt 00:02:22]} Rdc8 {[%clk 00:05:57]} {[%emt 00:00:51]} 37. h6 {[%clk
01:17:09]} {[%emt 00:01:55]} g6 {[%clk 00:05:25]} {[%emt 00:01:02]} 38. h7+
{[%clk 01:17:37]} {[%emt 00:00:02]} Kg7 {[%clk 00:05:30]} {[%emt 00:00:25]} 39.
Bc4 {[%clk 01:17:21]} {[%emt 00:00:45]} Bxc4 {[%clk 00:03:11]} {[%emt
00:02:49]} 40. Rxc4 {[%clk 01:17:31]} {[%emt 00:00:21]} Rc7 {[%clk 00:02:47]}
{[%emt 00:00:54]} 41. Qe1 {[%clk 01:16:25]} {[%emt 00:01:36]} Bd2 {[%clk
00:01:41]} {[%emt 00:01:36]} 42. Qh4 {[%clk 01:16:42]} {[%emt 00:00:13]} Qxh4
{[%clk 00:00:46]} {[%emt 00:01:26]} 43. Rxh4 {[%clk 01:17:10]} Bb4 {[%clk
00:01:06]} {[%emt 00:00:10]} 44. Bb2 {[%clk 01:17:02]} {[%emt 00:00:39]} Bc3
{[%clk 00:00:35]} {[%emt 00:01:01]} 45. Rxc3 {[%clk 01:16:45]} {[%emt
00:00:46]} dxc3 {[%clk 00:00:50]} {[%emt 00:00:15]} 46. Bxc3+ {[%clk 01:17:13]}
{[%emt 00:00:02]} f6 {[%clk 00:01:06]} {[%emt 00:00:14]} 47. g5 {[%clk
01:17:39]} {[%emt 00:00:03]} Rc6 {[%clk 00:00:34]} {[%emt 00:01:04]} 48. h8=Q+
{[%clk 01:17:15]} {[%emt 00:00:53]} Rxh8 {[%clk 00:00:59]} {[%emt 00:00:05]} 49.
Bxf6+ {[%clk 01:17:36]} {[%emt 00:00:08]} Rxf6 {[%clk 00:01:11]} {[%emt
00:00:18]} 50. gxf6+ {[%clk 01:18:04]} {[%emt 00:00:03]} Kg8 {[%clk 00:00:51]}
{[%emt 00:00:51]} 51. f7+ {[%clk 01:18:25]} {[%emt 00:00:09]} 1-0

[Event "XLIV Memoriał Szachowy Ludwika Zamenhofa 2025, Grupa A"]
[Site "Białystok, Poland"]
[Date "2025.12.29"]
[Round "5.23"]
[White "Wites, Adam"]
[Black "Haladaj, Adam"]
[Result "1/2-1/2"]
[TimeControl "90'+30\""]
[WhiteElo "2017"]
[BlackElo "2062"]

1. Nf3 {[%clk 01:30:55]} {[%emt 00:00:01]} d5 {[%clk 01:30:17]} {[%emt
00:00:46]} 2. g3 {[%clk 01:31:20]} {[%emt 00:00:05]} Nf6 {[%clk 01:30:24]}
{[%emt 00:00:22]} 3. Bg2 {[%clk 01:31:44]} {[%emt 00:00:06]} c6 {[%clk
01:30:43]} {[%emt 00:00:12]} 4. O-O {[%clk 01:31:45]} {[%emt 00:00:29]} Bf5
{[%clk 01:30:30]} {[%emt 00:00:43]} 5. d3 {[%clk 01:29:23]} {[%emt 00:02:52]}
h6 {[%clk 01:30:24]} {[%emt 00:00:35]} 6. c4 {[%clk 01:28:52]} {[%emt
00:01:03]} e6 {[%clk 01:29:45]} {[%emt 00:01:08]} 7. b3 {[%clk 01:28:29]}
{[%emt 00:00:53]} Nbd7 {[%clk 01:29:11]} {[%emt 00:01:04]} 8. Bb2 {[%clk
01:28:30]} {[%emt 00:00:28]} Be7 {[%clk 01:28:19]} {[%emt 00:01:23]} 9. Nbd2
{[%clk 01:27:34]} {[%emt 00:01:27]} O-O {[%clk 01:27:47]} {[%emt 00:01:02]} 10.
Qc2 {[%clk 01:26:38]} {[%emt 00:01:25]} Bh7 {[%clk 01:25:58]} {[%emt 00:02:19]}
11. Rfe1 {[%clk 01:26:05]} {[%emt 00:01:03]} Re8 {[%clk 01:25:16]} {[%emt
00:01:12]} 12. Rac1 {[%clk 01:24:57]} {[%emt 00:01:38]} Bf8 {[%clk 01:22:59]}
{[%emt 00:02:48]} 13. e4 {[%clk 01:23:02]} {[%emt 00:02:25]} dxe4 {[%clk
01:22:51]} {[%emt 00:00:37]} 14. Nxe4 {[%clk 01:20:52]} {[%emt 00:02:41]} Nxe4
{[%clk 01:20:36]} {[%emt 00:02:45]} 15. dxe4 {[%clk 01:21:04]} {[%emt
00:00:18]} Qc7 {[%clk 01:18:50]} {[%emt 00:02:14]} 16. Rcd1 {[%clk 01:18:32]}
{[%emt 00:03:03]} a5 {[%clk 01:15:30]} {[%emt 00:03:50]} 17. Qe2 {[%clk
01:00:26]} {[%emt 00:18:36]} a4 {[%clk 01:06:46]} {[%emt 00:09:14]} 18. Bc3
{[%clk 00:53:40]} {[%emt 00:07:16]} axb3 {[%clk 00:57:12]} {[%emt 00:10:04]} 19.
axb3 {[%clk 00:53:58]} {[%emt 00:00:13]} Nc5 {[%clk 00:57:34]} {[%emt
00:00:07]} 20. Qc2 {[%clk 00:47:27]} {[%emt 00:07:01]} Rad8 {[%clk 00:50:26]}
{[%emt 00:07:37]} 21. Ne5 {[%clk 00:42:06]} {[%emt 00:05:52]} Rxd1 {[%clk
00:46:29]} {[%emt 00:04:27]} 22. Rxd1 {[%clk 00:41:31]} {[%emt 00:01:05]} f6
{[%clk 00:44:52]} {[%emt 00:02:07]} 23. Ng4 {[%clk 00:39:16]} {[%emt 00:02:44]}
Rd8 {[%clk 00:34:18]} {[%emt 00:11:05]} 24. Rxd8 {[%clk 00:36:07]} {[%emt
00:03:39]} Qxd8 {[%clk 00:34:47]} {[%emt 00:00:01]} 25. b4 {[%clk 00:30:08]}
{[%emt 00:06:29]} Nd7 {[%clk 00:32:09]} {[%emt 00:03:08]} 26. c5 {[%clk
00:28:44]} {[%emt 00:01:54]} Bg6 {[%clk 00:23:26]} {[%emt 00:09:13]} 27. Qa2
{[%clk 00:24:07]} {[%emt 00:05:06]} Bf7 {[%clk 00:23:41]} {[%emt 00:00:16]} 28.
Ne3 {[%clk 00:22:58]} {[%emt 00:01:38]} b6 {[%clk 00:21:55]} {[%emt 00:02:17]}
29. Bh3 {[%clk 00:20:31]} {[%emt 00:02:56]} bxc5 {[%clk 00:18:49]} {[%emt
00:03:37]} 30. Bxe6 {[%clk 00:19:28]} {[%emt 00:01:34]} Qe8 {[%clk 00:17:13]}
{[%emt 00:02:05]} 31. Bxf7+ {[%clk 00:18:08]} {[%emt 00:01:51]} Qxf7 {[%clk
00:17:37]} {[%emt 00:00:05]} 32. Qa4 {[%clk 00:17:14]} {[%emt 00:01:23]} cxb4
{[%clk 00:16:29]} {[%emt 00:01:39]} 33. Bxb4 {[%clk 00:17:25]} {[%emt
00:00:20]} Bxb4 {[%clk 00:13:10]} {[%emt 00:03:49]} 34. Qxb4 {[%clk 00:17:28]}
{[%emt 00:00:27]} Qe6 {[%clk 00:12:40]} {[%emt 00:00:59]} 35. Nf5 {[%clk
00:15:19]} {[%emt 00:02:40]} Kh7 {[%clk 00:08:33]} {[%emt 00:04:36]} 36. Qb7
{[%clk 00:14:25]} {[%emt 00:01:24]} c5 {[%clk 00:07:51]} {[%emt 00:01:12]} 37.
Qc7 {[%clk 00:14:17]} {[%emt 00:00:37]} c4 {[%clk 00:06:26]} {[%emt 00:01:56]}
38. Nd4 {[%clk 00:12:10]} {[%emt 00:02:37]} Qf7 {[%clk 00:06:07]} {[%emt
00:00:47]} 39. f4 {[%clk 00:10:40]} {[%emt 00:02:03]} Kg8 {[%clk 00:03:22]}
{[%emt 00:03:15]} 40. Qc8+ {[%clk 00:09:30]} {[%emt 00:01:40]} Nf8 {[%clk
00:03:23]} {[%emt 00:00:28]} 41. f5 {[%clk 00:08:23]} {[%emt 00:01:37]} Kh7
{[%clk 00:01:06]} {[%emt 00:02:47]} 42. Ne6 {[%clk 00:07:04]} {[%emt 00:01:50]}
Nxe6 {[%clk 00:00:55]} {[%emt 00:00:41]} 43. fxe6 {[%clk 00:07:28]} {[%emt
00:00:06]} Qa7+ {[%clk 00:00:56]} {[%emt 00:00:29]} 44. Kg2 {[%clk 00:06:07]}
{[%emt 00:01:48]} Qa2+ {[%clk 00:01:14]} {[%emt 00:00:15]} 45. Kh3 {[%clk
00:04:33]} {[%emt 00:02:03]} Qe2 {[%clk 00:01:09]} {[%emt 00:00:35]} 46. Qd7
{[%clk 00:01:14]} {[%emt 00:03:49]} Qh5+ {[%clk 00:01:14]} {[%emt 00:00:24]} 47.
Kg2 {[%clk 00:01:39]} {[%emt 00:00:06]} Qe2+ {[%clk 00:01:40]} {[%emt
00:00:04]} 48. Kg1 {[%clk 00:00:59]} {[%emt 00:01:11]} Qe1+ {[%clk 00:01:23]}
{[%emt 00:00:46]} 49. Kg2 {[%clk 00:01:25]} {[%emt 00:00:04]} Qe2+ {[%clk
00:00:53]} {[%emt 00:01:01]} 50. Kg1 {[%clk 00:01:36]} {[%emt 00:00:18]} Qe1+
{[%clk 00:00:56]} {[%emt 00:00:27]} 51. Kg2 {[%clk 00:02:00]} {[%emt 00:00:06]}
Qe2+ {[%clk 00:00:51]} {[%emt 00:00:35]} 52. Kh3 {[%emt 00:01:02]} Qf1+ {[%emt
00:00:03]} 53. Kg4 {[%emt 00:00:06]} Qe2+ {[%emt 00:00:05]} 54. Kh4 h5 {[%emt
00:00:05]} 55. e7 {[%emt 00:00:02]} g5+ {[%emt 00:00:08]} 56. Kh3 {[%emt
00:00:01]} 1/2-1/2

[Event "XLIV Memoriał Szachowy Ludwika Zamenhofa 2025, Grupa A"]
[Site "Białystok, Poland"]
[Date "2025.12.29"]
[Round "5.24"]
[White "Kondys, Piotr"]
[Black "Obukhava, Anastasiya"]
[Result "1-0"]
[TimeControl "90'+30\""]
[WhiteElo "2136"]
[BlackElo "2146"]

1. e4 {[%clk 01:30:56]} {[%emt 00:00:04]} c5 {[%clk 01:30:45]} {[%emt
00:00:16]} 2. Nf3 {[%clk 01:31:14]} {[%emt 00:00:12]} d6 {[%clk 01:30:40]}
{[%emt 00:00:36]} 3. d4 {[%clk 01:31:32]} {[%emt 00:00:11]} cxd4 {[%clk
01:30:56]} {[%emt 00:00:14]} 4. Nxd4 {[%clk 01:31:52]} {[%emt 00:00:08]} Nf6
{[%clk 01:31:17]} {[%emt 00:00:10]} 5. Nc3 {[%clk 01:32:15]} {[%emt 00:00:07]}
a6 {[%clk 01:31:43]} {[%emt 00:00:05]} 6. h3 {[%clk 01:32:36]} {[%emt
00:00:08]} e5 {[%clk 01:31:58]} {[%emt 00:00:16]} 7. Nb3 {[%clk 01:32:59]}
{[%emt 00:00:06]} Be7 {[%clk 01:32:13]} {[%emt 00:00:16]} 8. Be3 {[%clk
01:33:13]} {[%emt 00:00:16]} Be6 {[%clk 01:32:32]} {[%emt 00:00:11]} 9. Qf3
{[%clk 01:33:34]} {[%emt 00:00:08]} Nbd7 {[%clk 01:32:43]} {[%emt 00:00:20]} 10.
g4 {[%clk 01:33:56]} {[%emt 00:00:07]} h6 {[%clk 01:33:03]} {[%emt 00:00:11]}
11. O-O-O {[%clk 01:34:18]} {[%emt 00:00:07]} Rc8 {[%clk 01:33:26]} {[%emt
00:00:08]} 12. Nd5 {[%clk 01:33:19]} {[%emt 00:01:29]} Nf8 {[%clk 01:33:24]}
{[%emt 00:00:32]} 13. Kb1 {[%clk 01:32:28]} {[%emt 00:01:21]} Ng6 {[%clk
01:33:38]} {[%emt 00:00:16]} 14. Rg1 {[%clk 01:32:56]} {[%emt 00:00:02]} Nh7
{[%clk 01:08:40]} {[%emt 00:25:28]} 15. Bb6 {[%clk 01:33:13]} {[%emt 00:00:12]}
Qd7 {[%clk 01:08:57]} {[%emt 00:00:13]} 16. Be3 {[%clk 01:33:41]} {[%emt
00:00:02]} Qd8 {[%clk 01:07:30]} {[%emt 00:01:58]} 17. c4 {[%clk 01:33:54]}
{[%emt 00:00:17]} Ng5 {[%clk 01:01:22]} {[%emt 00:06:38]} 18. Qe2 {[%clk
01:28:10]} {[%emt 00:06:14]} Bxd5 {[%clk 01:00:37]} {[%emt 00:01:15]} 19. exd5
{[%clk 01:27:36]} {[%emt 00:01:04]} b6 {[%clk 00:59:33]} {[%emt 00:01:34]} 20.
Rh1 {[%clk 01:03:14]} {[%emt 00:24:51]} Nh7 {[%clk 00:47:43]} {[%emt 00:12:21]}
21. Nd2 {[%clk 00:41:19]} {[%emt 00:22:25]} Nhf8 {[%clk 00:34:41]} {[%emt
00:13:32]} 22. Ne4 {[%clk 00:30:47]} {[%emt 00:11:02]} Nf4 {[%clk 00:32:46]}
{[%emt 00:02:25]} 23. Qd2 {[%clk 00:28:37]} {[%emt 00:02:39]} N8g6 {[%clk
00:32:43]} {[%emt 00:00:34]} 24. Qb4 {[%clk 00:28:48]} {[%emt 00:00:19]} Rb8
{[%clk 00:29:01]} {[%emt 00:04:13]} 25. Qa4+ {[%clk 00:28:10]} {[%emt
00:01:07]} Qd7 {[%clk 00:29:01]} {[%emt 00:00:31]} 26. Qxa6 {[%clk 00:28:15]}
{[%emt 00:00:24]} Bd8 {[%clk 00:28:43]} {[%emt 00:00:48]} 27. c5 {[%clk
00:26:33]} {[%emt 00:02:12]} O-O {[%clk 00:27:17]} {[%emt 00:01:56]} 28. Bb5
{[%clk 00:24:18]} {[%emt 00:02:44]} Qe7 {[%clk 00:25:55]} {[%emt 00:01:52]} 29.
cxd6 {[%clk 00:20:01]} {[%emt 00:04:48]} Qb7 {[%clk 00:26:10]} {[%emt
00:00:15]} 30. Qxb7 {[%clk 00:19:05]} {[%emt 00:01:26]} Rxb7 {[%clk 00:26:38]}
{[%emt 00:00:01]} 31. d7 {[%clk 00:05:15]} {[%emt 00:14:21]} Be7 {[%clk
00:23:56]} {[%emt 00:03:12]} 32. Rc1 {[%clk 00:04:26]} {[%emt 00:01:19]} Rbb8
{[%clk 00:23:31]} {[%emt 00:00:55]} 33. Bc6 {[%clk 00:02:50]} {[%emt 00:02:07]}
Rfd8 {[%clk 00:23:18]} {[%emt 00:00:42]} 34. d6 {[%clk 00:01:58]} {[%emt
00:01:22]} Bh4 {[%clk 00:23:41]} {[%emt 00:00:07]} 35. Ng3 {[%clk 00:02:04]}
{[%emt 00:00:25]} Bxg3 {[%clk 00:17:56]} {[%emt 00:06:14]} 36. fxg3 {[%clk
00:02:33]} Nd3 {[%clk 00:17:50]} {[%emt 00:00:37]} 37. Rcd1 {[%clk 00:02:22]}
{[%emt 00:00:41]} Nc5 {[%clk 00:17:59]} {[%emt 00:00:20]} 38. Bxc5 {[%clk
00:02:03]} {[%emt 00:00:50]} bxc5 {[%clk 00:18:28]} 39. Rd5 {[%clk 00:02:07]}
{[%emt 00:00:26]} Rb6 {[%clk 00:18:09]} {[%emt 00:00:49]} 40. Rxc5 {[%clk
00:01:31]} {[%emt 00:01:06]} Nf8 {[%clk 00:18:33]} {[%emt 00:00:06]} 41. Rhc1
{[%clk 00:01:10]} {[%emt 00:00:51]} Nxd7 {[%clk 00:18:46]} {[%emt 00:00:17]} 42.
Bxd7 {[%clk 00:01:33]} {[%emt 00:00:06]} Rxd7 {[%clk 00:19:15]} {[%emt
00:00:02]} 43. Rxe5 {[%clk 00:01:45]} {[%emt 00:00:18]} Rdxd6 {[%clk 00:19:40]}
{[%emt 00:00:05]} 44. Rc8+ {[%clk 00:01:07]} {[%emt 00:01:08]} Kh7 {[%clk
00:20:09]} 45. Kc2 {[%clk 00:01:29]} {[%emt 00:00:08]} Rf6 {[%clk 00:20:25]}
{[%emt 00:00:14]} 46. Rf5 {[%clk 00:01:27]} {[%emt 00:00:32]} Rfe6 {[%clk
00:20:33]} {[%emt 00:00:22]} 47. Rf2 {[%clk 00:01:46]} {[%emt 00:00:11]} Kg6
{[%clk 00:20:41]} {[%emt 00:00:22]} 48. Rc7 {[%clk 00:01:39]} {[%emt 00:00:37]}
Re3 {[%clk 00:20:02]} {[%emt 00:01:09]} 49. Rc3 {[%clk 00:01:05]} {[%emt
00:01:05]} Re1 {[%clk 00:20:10]} {[%emt 00:00:21]} 50. a3 {[%clk 00:01:06]}
{[%emt 00:00:29]} 1-0

[Event "XLIV Memoriał Szachowy Ludwika Zamenhofa 2025, Grupa A"]
[Site "Białystok, Poland"]
[Date "2025.12.29"]
[Round "6.1"]
[White "Psyk, Radoslaw"]
[Black "Piesik, Piotr"]
[Result "1-0"]
[TimeControl "90'+30\""]
[WhiteElo "2504"]
[BlackElo "2407"]

1. e4 {[%clk 01:22:24]} {[%emt 00:08:36]} c6 {[%clk 01:30:43]} {[%emt
00:00:18]} 2. d4 {[%clk 01:21:31]} {[%emt 00:01:23]} d5 {[%clk 01:31:08]}
{[%emt 00:00:05]} 3. Nc3 {[%clk 01:21:55]} {[%emt 00:00:07]} dxe4 {[%clk
01:31:33]} {[%emt 00:00:05]} 4. Nxe4 {[%clk 01:22:20]} {[%emt 00:00:04]} Nd7
{[%clk 01:31:58]} {[%emt 00:00:05]} 5. Bd3 {[%clk 01:22:36]} {[%emt 00:00:13]}
Ngf6 {[%clk 01:32:15]} {[%emt 00:00:14]} 6. Ng5 {[%clk 01:22:49]} {[%emt
00:00:16]} e6 {[%clk 01:32:33]} {[%emt 00:00:13]} 7. N1f3 {[%clk 01:22:57]}
{[%emt 00:00:21]} Bd6 {[%clk 01:32:53]} {[%emt 00:00:10]} 8. Qe2 {[%clk
01:22:54]} {[%emt 00:00:33]} h6 {[%clk 01:32:45]} {[%emt 00:00:39]} 9. Ne4
{[%clk 01:23:18]} {[%emt 00:00:05]} Nxe4 {[%clk 01:33:10]} {[%emt 00:00:06]} 10.
Qxe4 {[%clk 01:23:45]} {[%emt 00:00:03]} Qc7 {[%clk 01:33:33]} {[%emt
00:00:07]} 11. O-O {[%clk 01:23:21]} {[%emt 00:00:54]} b6 {[%clk 01:33:34]}
{[%emt 00:00:30]} 12. Qg4 {[%clk 01:23:28]} {[%emt 00:00:21]} Kf8 {[%clk
01:33:58]} {[%emt 00:00:07]} 13. b3 {[%clk 01:23:46]} {[%emt 00:00:12]} Bb7
{[%clk 01:32:35]} {[%emt 00:01:53]} 14. Bb2 {[%clk 01:23:55]} {[%emt 00:00:21]}
Nf6 {[%clk 01:32:53]} {[%emt 00:00:12]} 15. Qh3 {[%clk 01:24:05]} {[%emt
00:00:19]} Nd5 {[%clk 01:31:51]} {[%emt 00:01:32]} 16. g3 {[%clk 01:23:56]}
{[%emt 00:00:39]} Nb4 {[%clk 01:30:16]} {[%emt 00:02:06]} 17. Be4 {[%clk
00:57:54]} {[%emt 00:26:32]} f5 {[%clk 01:06:26]} {[%emt 00:24:20]} 18. Ng5
{[%clk 00:47:24]} {[%emt 00:10:59]} Bc8 {[%clk 01:06:11]} {[%emt 00:00:45]} 19.
a3 {[%clk 00:44:25]} {[%emt 00:03:30]} Kg8 {[%clk 01:04:37]} {[%emt 00:02:04]}
20. Nxe6 {[%clk 00:44:32]} {[%emt 00:00:23]} fxe4 {[%clk 00:48:20]} {[%emt
00:16:47]} 21. Nxc7 {[%clk 00:44:56]} {[%emt 00:00:05]} Bxh3 {[%clk 00:48:46]}
{[%emt 00:00:05]} 22. Nxa8 {[%clk 00:45:16]} {[%emt 00:00:09]} Na6 {[%clk
00:31:44]} {[%emt 00:17:33]} 23. Rfe1 {[%clk 00:44:47]} {[%emt 00:01:00]} Kf7
{[%clk 00:32:09]} {[%emt 00:00:04]} 24. Nxb6 {[%clk 00:44:56]} {[%emt
00:00:21]} axb6 {[%clk 00:32:34]} {[%emt 00:00:05]} 25. Rxe4 {[%clk 00:45:21]}
{[%emt 00:00:04]} Bf5 {[%clk 00:32:28]} {[%emt 00:00:37]} 26. Re2 {[%clk
00:45:41]} {[%emt 00:00:10]} b5 {[%clk 00:32:36]} {[%emt 00:00:22]} 27. f3
{[%clk 00:24:00]} {[%emt 00:22:11]} h5 {[%clk 00:31:56]} {[%emt 00:01:10]} 28.
c3 {[%clk 00:15:19]} {[%emt 00:09:11]} Be6 {[%clk 00:27:25]} {[%emt 00:05:01]}
29. a4 {[%clk 00:15:45]} {[%emt 00:00:04]} Nc7 {[%clk 00:22:52]} {[%emt
00:05:03]} 30. Ba3 {[%clk 00:10:57]} {[%emt 00:05:19]} Rd8 {[%clk 00:22:26]}
{[%emt 00:00:54]} 31. Bxd6 {[%clk 00:09:57]} {[%emt 00:01:31]} Rxd6 {[%clk
00:22:51]} {[%emt 00:00:05]} 32. b4 {[%clk 00:09:06]} {[%emt 00:01:20]} bxa4
{[%clk 00:21:24]} {[%emt 00:01:58]} 33. Rxa4 {[%clk 00:09:35]} {[%emt
00:00:01]} Nb5 {[%clk 00:18:54]} {[%emt 00:03:00]} 34. Re3 {[%clk 00:09:52]}
{[%emt 00:00:12]} Bd5 {[%clk 00:18:57]} {[%emt 00:00:28]} 35. Ra1 {[%clk
00:09:30]} {[%emt 00:00:52]} Re6 {[%clk 00:19:10]} {[%emt 00:00:17]} 36. Rxe6
{[%clk 00:09:39]} {[%emt 00:00:20]} Bxe6 {[%clk 00:19:06]} {[%emt 00:00:35]} 37.
Rc1 {[%clk 00:09:52]} {[%emt 00:00:17]} Nd6 {[%clk 00:17:58]} {[%emt 00:01:38]}
38. Kf2 {[%clk 00:10:07]} {[%emt 00:00:15]} g5 {[%clk 00:17:27]} {[%emt
00:01:01]} 39. Ke3 {[%clk 00:09:36]} {[%emt 00:01:01]} Kf6 {[%clk 00:17:32]}
{[%emt 00:00:25]} 40. Ra1 {[%clk 00:09:46]} {[%emt 00:00:21]} Bd5 {[%clk
00:17:17]} {[%emt 00:00:44]} 41. Ra6 {[%clk 00:09:39]} {[%emt 00:00:37]} Ke6
{[%clk 00:16:07]} {[%emt 00:01:40]} 42. Ra7 {[%clk 00:07:55]} {[%emt 00:02:14]}
Nf5+ {[%clk 00:15:48]} {[%emt 00:00:49]} 43. Kf2 {[%clk 00:08:02]} {[%emt
00:00:23]} g4 {[%clk 00:16:12]} {[%emt 00:00:07]} 44. f4 {[%clk 00:06:17]}
{[%emt 00:02:14]} Nd6 {[%clk 00:14:26]} {[%emt 00:02:16]} 45. Ke3 {[%clk
00:05:54]} {[%emt 00:00:52]} Kf6 {[%clk 00:12:42]} {[%emt 00:02:15]} 46. Rd7
{[%clk 00:05:39]} {[%emt 00:00:45]} Nc4+ {[%clk 00:12:23]} {[%emt 00:00:49]} 47.
Kd3 {[%clk 00:06:07]} {[%emt 00:00:02]} Nb2+ {[%clk 00:11:37]} {[%emt
00:01:16]} 48. Ke2 {[%clk 00:06:02]} {[%emt 00:00:35]} Nc4 {[%clk 00:11:54]}
{[%emt 00:00:13]} 49. Rh7 {[%clk 00:06:08]} {[%emt 00:00:22]} Bf7 {[%clk
00:11:43]} {[%emt 00:00:43]} 50. Rh6+ {[%clk 00:06:12]} {[%emt 00:00:26]} Bg6
{[%clk 00:12:09]} {[%emt 00:00:04]} 51. Rh8 {[%clk 00:06:38]} {[%emt 00:00:04]}
Nd6 {[%clk 00:12:23]} {[%emt 00:00:16]} 52. Ra8 {[%clk 00:05:38]} {[%emt
00:01:30]} Ke6 {[%clk 00:11:42]} {[%emt 00:01:11]} 53. Rg8 {[%clk 00:04:39]}
{[%emt 00:01:28]} Kf7 {[%clk 00:10:58]} {[%emt 00:01:14]} 54. Ra8 {[%clk
00:02:12]} {[%emt 00:02:58]} Ke6 {[%clk 00:11:24]} {[%emt 00:00:05]} 55. Ra5
{[%clk 00:02:00]} {[%emt 00:00:41]} Nb5 {[%clk 00:11:34]} {[%emt 00:00:20]} 56.
Kd2 {[%clk 00:01:21]} {[%emt 00:01:09]} Kd5 {[%clk 00:11:49]} {[%emt 00:00:15]}
57. Ra8 {[%clk 00:01:28]} {[%emt 00:00:23]} Nd6 {[%clk 00:11:01]} {[%emt
00:01:19]} 58. Ra5+ {[%clk 00:01:46]} {[%emt 00:00:12]} Nb5 {[%clk 00:11:25]}
{[%emt 00:00:05]} 59. Ra8 {[%clk 00:02:14]} {[%emt 00:00:02]} Nd6 {[%clk
00:11:15]} {[%emt 00:00:41]} 60. Rg8 {[%clk 00:02:28]} {[%emt 00:00:15]} Bf5
{[%clk 00:11:05]} {[%emt 00:00:40]} 61. Rh8 {[%clk 00:02:03]} {[%emt 00:00:55]}
Bg6 {[%clk 00:09:46]} {[%emt 00:01:50]} 62. Rh6 {[%clk 00:02:25]} {[%emt
00:00:06]} Bf7 {[%clk 00:09:55]} {[%emt 00:00:21]} 63. Kd3 {[%clk 00:02:49]}
{[%emt 00:00:07]} Be8 {[%clk 00:09:26]} {[%emt 00:01:00]} 64. f5 {[%clk
00:01:07]} {[%emt 00:02:13]} Bf7 {[%clk 00:09:45]} {[%emt 00:00:10]} 65. Rf6
{[%clk 00:01:06]} {[%emt 00:00:29]} Bg8 {[%clk 00:09:31]} {[%emt 00:00:46]} 66.
Rf8 {[%clk 00:00:36]} {[%emt 00:01:00]} Bh7 {[%clk 00:09:32]} {[%emt 00:00:30]}
67. c4+ {[%clk 00:00:57]} {[%emt 00:00:08]} Nxc4 {[%clk 00:09:57]} {[%emt
00:00:06]} 68. Rf7 {[%clk 00:01:09]} {[%emt 00:00:17]} Nb2+ {[%clk 00:05:52]}
{[%emt 00:04:36]} 69. Kc3 {[%clk 00:01:24]} {[%emt 00:00:13]} Nd1+ {[%clk
00:05:58]} {[%emt 00:00:25]} 70. Kd2 {[%clk 00:01:53]} {[%emt 00:00:01]} Bg8
{[%clk 00:06:09]} {[%emt 00:00:20]} 71. Rg7 {[%clk 00:02:11]} {[%emt 00:00:11]}
Nf2 {[%clk 00:06:15]} {[%emt 00:00:24]} 72. Ke3 {[%clk 00:01:44]} {[%emt
00:00:57]} Nd1+ {[%clk 00:06:21]} {[%emt 00:00:24]} 73. Ke4+ {[%emt 00:00:35]}
1-0